000 01405nam0a2200349 4500
001 RU\NLR\bibl\1867239
005 20250616184821.0
010 _a978-5-904808-04-4
_9100
021 _aRU
_b2012-2506
_9183
035 _a(NLR Aleph) 001857110
090 _a2480929
_c2480929
100 _a20120208d2011 |||y0rusy50 ca
101 0 _arus
102 _aRU
105 _aa |||||||||
200 1 _aСтраницы прошлого Новозыбковского края
_fВиктор Злобов
210 _aКаташин
_cКлимовская типография
_d2011
215 _a563 с.
_cил., портр.
_d20
300 _aЗагл. обл.: Край Новозыбковский: страницы прошлого
320 _aБиблиогр.: с. 554-560 (156 назв.)
512 1 _6z17790
_aКрай Новозыбковский: страницы прошлого
607 _aНовозыбковский район (Брянская область)
_xИстория
_92163600
_3RU\NLR\auth\661301931
686 _aТ3(2Р-4Бр)
700 1 _aЗлобов
_bВ. И.
_f1957-
_gВиктор Иванович
_4070
790 1 _6z17512
_aЗлобов
_bВ. И.
_f1957-
_gВиктор Иванович
_4070
801 0 _aRU
_bNLR
_c20120208
_gRCR
801 1 _aRU
_bNLR
_c20120208
830 _aавт. по кн.
942 _cBOOK
980 _aNB
980 _aNBR